000 00579nam a2200181 i 4500
001 92777
003 ES-MaACL
005 20230906181045.0
007 t|
008 050505s1976 pr ||||1| spa d
080 _a972.95"1868"
100 1 _aGeigel Polanco, Vicente.
_956211
245 1 3 _aEl grito de Lares
_b: gesta de heroismo y sacrificio /
_cVicente Geigel Polanco.
260 _aRío Piedras, Puerto Rico :
_bAntillana,
_c1976.
300 _a54 p. ;
_c19 cm.
651 4 _aPuerto Rico-
_xHistoria-
_y1868, Insurrección.
_9160699
852 _aES-MaACL
_j2188-F-9
_bR.135913
999 _c92777
_d92777